000 00904nam a22002777a 4500
001 9137
003 FISKH
005 20251124160034.0
008 251124b cb ||||| |||| 00| 0 eng d
020 _a9781730160547
040 _aFISKH
_beng
_cFISKH
_dFISKH
050 _aPZ7
082 _a823.6
100 _aPrakash, Ved
_eAuthor
245 _aAfter you /
_cConceived by Ved Prakash
260 _aNew Delhi :
_bDreamland Publications ,
_c2011
300 _a24 pages :
_bcolor illustrations ;
_c28 cm
490 _aCharacter-building stories for children :
_vBook 6
505 _aG
520 _aThis is the sixth book in the series. It contains three stories which help children understand the importance of the words "After you".
521 8 _a350
_bLexile estimate
521 8 _aG
_bRaz-Plus
650 _aCharacter-building stories
_vEducation
942 _2ddc
_cBK
_n0
999 _c9137
_d9137